| 000 | 00841nam a2200277Ia 4500 | ||
|---|---|---|---|
| 001 | Para_7222 | ||
| 003 | CHAP | ||
| 008 | 220125s9999 xx 000 0 und d | ||
| 010 | _a206108 | ||
| 040 | _cCHAP | ||
| 090 | _aPA R-32 | ||
| 100 |
_aBrazzel, J.R. _915178 |
||
| 245 |
_aWinter survival and time of emergence of diapausing pink bollworms in central Texas / _c J.R. Brazzel and D.F. Martin |
||
| 500 | _aSobretiro de: Journal of economic entomology 52 (2) : 305-8, 1959 | ||
| 650 |
_aAlabama argillacea _93298 |
||
| 650 |
_aAlgodón _x plagas _94046 |
||
| 650 |
_aGusano telarañero del algodón _951566 |
||
| 700 |
_aMartin, D.F. _971644 |
||
| 901 | _aPA R-32 | ||
| 902 | _aA | ||
| 905 | _a000000 0000000000 00 | ||
| 910 | _a | ||
| 942 | _cPARA | ||
| 942 |
_cPARA _d1 |
||
| 999 |
_c206108 _d206108 |
||